| 000 | 01116nam0a22002651 4500 | ||
|---|---|---|---|
| 001 | v19\rc\1955460 | ||
| 005 | 20260405232007.0 | ||
| 035 | _a(NLR Aleph) 005271639 | ||
| 090 |
_a6005797 _c6005797 |
||
| 100 | _a20080428d1913 |||y0rusy50 ca | ||
| 101 | 0 | _arus | |
| 102 | _aRU | ||
| 105 | _ay z ||||| | ||
| 200 | 1 |
_aНевеста Меделянская _eКлассич. опера в 2 д. _eЛибретто С.Ф. Сарматова _fМузыка экспроприирована им же |
|
| 210 |
_aХарьков _cтипо-лит. С.А. Шмерковича _d1913 |
||
| 215 |
_a11 с. _d22 |
||
| 300 | _aАвт. установлен по изд.: Масанов И.Ф. Словарь псевдонимов... М., 1958. Т. 3. С. 97 | ||
| 700 | 1 |
_8rus _7ca _aОпенховский _bС. Ф. _fок.1873-1938 _gСтанислав Францевич _3RU\NLR\AUTH\77105832 _988757 |
|
| 801 | 0 |
_aRU _bNLR _c20080428 _gpsbo |
|
| 801 | 0 |
_aRU _bRuMoRGB _c20080428 _2psbo |
|
| 801 | 1 |
_aRU _bProSoft-M _c20080428 _2rusmarc |
|
| 801 | 2 |
_aRU _bNLR _c20111220 _2rusmarc |
|
| 852 |
_aNLR _j37.53.7.11 |
||
| 942 | _cBOOK | ||
| 980 | _aNB | ||